000 002990000a22001450004500
003 MACL
040 _aMACL
090 _c33648
_d33646
100 _aShukla, M N
245 _aThe Law of Torts
260 _bCentury Publishing House
_c1998
350 _a80
650 _aLaw
942 _cBOOK
_k346/Shu
999 _c33297
_d33297